000
00365nam a2200133Ia 4500
008
231129s9999||||xx |||||||||||||| ||spa||
020
_a
958-06-0353-7
040
_b
spa
082
_a
920 M385m
100
_a
Martinez Jose de Jesus
245
0
_a
Mi general Torrijos : (Testimonio)
264
_a
Oveja Negra
942
_2
ddc
_c
BKS
999
_c
21104
_d
21104